000 01032nam a2200253 a 4500
001 71535
003 BD-RjUL
005 20211209082128.0
008 170504s1989 bg |||| |||| 000 0 ben d
020 _c: Tk. 70.00
035 _a(BD-RjUL)71751
040 _aBD-RjUL
_bben
_cBD-RjUL
_dBD-RjUL
041 _aben
082 _223
_a954.025
_bNAB 1989
100 1 _aনাথান, মির্জা
_9211676
245 1 _aবাহারিস্তান-ই-গায়বী /
_cনাথান মির্জা ; অনুবাদক - খালেকদাদ চৌধুরী
260 _aঢাকা :
_bবাংলা একাডেমী,
_c১৯৮৫, ১৯৮৯ [১৩৯৬]
300 _aখণ্ড. ;
_c২৬ সেমি.
505 _aখণ্ড. ২ -- খণ্ড. ৩ ও ৪ --
650 _aভারত
_xমোগল সাম্রাজ্য
_9211677
651 _aIndia
_vMogul Empire
_9211678
700 1 _aচৌধুরী, খালেকদাদ
_9224406
942 _2ddc
_cBK
999 _c71535
_d71535